LEADER 01543nam 2200409 a 450 001 9910698850803321 005 20090804122214.0 035 $a(CKB)5470000002397358 035 $a(OCoLC)428976119 035 $a(EXLCZ)995470000002397358 100 $a20090803d1999 ua 0 101 0 $aeng 135 $aurbn||||||||| 181 $ctxt$2rdacontent 182 $cc$2rdamedia 183 $acr$2rdacarrier 200 10$aAviation, safety$b[electronic resource] $eAgreement between the United States of America and Denmark signed at Copenhagen, November 6, 1998 210 1$a[Washington, D.C.] :$cU.S. Dept. of State,$d[1999?] 215 $a1 online resource (19 unnumbered pages) 225 1 $aTreaties and other international acts series ;$v12992 300 $aTitle from title screen (viewed on July 30, 2009). 517 $aAviation, safety 606 $aAirworthiness certificates$xInternational cooperation 606 $aAeronautics$zUnited States$xSafety measures 606 $aAeronautics$zDenmark$xSafety measures 606 $aAeronautics$xSafety measures$xInternational cooperation 615 0$aAirworthiness certificates$xInternational cooperation. 615 0$aAeronautics$xSafety measures. 615 0$aAeronautics$xSafety measures. 615 0$aAeronautics$xSafety measures$xInternational cooperation. 712 02$aUnited States.$bDepartment of State. 801 0$bGPO 801 1$bGPO 906 $aBOOK 912 $a9910698850803321 996 $aAviation safety$92313029 997 $aUNINA